Animals that start with Z - Statistics

General Stats
  • This quiz has been taken 611 times
  • The average score is 2 of 5
Answer Stats
Clue Animal % Correct
It's striped Zebra
100%
The name sounds like what King Kong is Zorilla
40%
Lives in the ocean and named after the above Zebra Shark
31%
Looks like a cow Zebu
27%
A very elusive wild dog from South America Zorro
9%
No matching quizzes found
Score Distribution
Percent of People with Each Score
Percentile by Number Answered
Your Score History
You have not taken this quiz